| 000 | 00932nam a2200289 4500 | ||
|---|---|---|---|
| 001 | 01477 | ||
| 003 | DO-SdBNP | ||
| 005 | 20240805122426.0 | ||
| 007 | 01477 | ||
| 008 | 161122b 2005 sp 00| 0 spa d | ||
| 020 | _a8496412555 | ||
| 040 |
_aBPMSU _bspa _cBPMSU |
||
| 082 |
_a843.47 _bP454b 2005 _222 |
||
| 100 | 1 |
_aPerrault, Charles, _d1628-1703 _968 |
|
| 245 | 1 | 3 |
_aLa bella durmiente / _cCharles Perrault ; ilustraciones Sergio Kern |
| 246 | 1 | 4 |
_aLa bella durmiente : _bpara leer, jugar y aprender |
| 260 |
_aBarcelona : _bEditorial Sol, _c2005 |
||
| 300 |
_a44 p. : _bils. ; _c20 cm. |
||
| 490 | 0 |
_aCuentos infantiles, _v1 |
|
| 534 |
_pTìtulo original : _t La belle au bois durmant. |
||
| 590 | _aInventariado, 2024/VM | ||
| 650 | 4 | _aCuentos infantiles franceses | |
| 650 | 4 | _aLiteratura infantil francesa | |
| 700 | 1 |
_aEkern, Sergio _eilustración |
|
| 910 | _aVMateo V. Control de calidad. BPMSU | ||
| 942 |
_2ddc _cBK |
||
| 999 |
_c12029 _d12029 |
||